000 00393nam a22001697a 4500
005 20160613134433.0
008 160613b xxu||||| |||| 00| 0 eng d
020 _a0-3330-30230-2
041 _aeng
082 _b7204
100 _aAdair, John
_9301
245 _aEffective leadership
260 _aNew Delhi
_bRupa & Co.
_c1998
300 _a212
650 _aManagement
_9241
942 _cBK
999 _c2508
_d2507